| 000 | 01203nam a22002657a 4500 | ||
|---|---|---|---|
| 003 | BD-DhSAU | ||
| 005 | 20221001154859.0 | ||
| 008 | 150612b2021 bg ad||| m||| 00| 0 eng d | ||
| 040 | _aBD-DhSAU | ||
| 082 |
_222 _a631.521 _bH27 |
||
| 100 |
_aHASAN, MD. NUR _eRegistration No. # 13-05305 |
||
| 245 |
_aInfluence of residual effect of organic fertilizer and different doses of chemical fertilizer on the yield and seed quality of mungbean / _bMS thesis |
||
| 260 |
_aSher-e-Bangla Agricultural University, _bInstitute of Seed Technology, _c2020 |
||
| 300 |
_aviii, 82p. _bill. ; _c30 cm. |
||
| 500 | _aMS thesis of Department of seed techonology, Faculty of Agriculture, Sher-e-Bangla Agricultural University, Dhaka, Bangladesh | ||
| 504 | _aIncludes bibliographical reference. | ||
| 590 | _anazmul | ||
| 650 | _aorganic fertilizer | ||
| 650 | _achemical fertilizer | ||
| 651 | _aseed quality of mungbean | ||
| 700 |
_eSuperviser _qProf. Dr. A. K. M. Ruhul Amin |
||
| 700 |
_eCo-superviser _qProf. Dr. Md. Abdullahil Baque |
||
| 856 | _uhttp://archive.saulibrary.edu.bd:8080/xmlui/handle/123456789/4257 | ||
| 942 |
_2ddc _cTHESIS |
||
| 999 |
_c16122 _d16121 |
||